000 02496cam a2200181 4500
001 L134327
008 060726n2004 000 0 eng u
035 _a(Sirsi) u134327
041 0 _aeng
050 0 4 _a711.14 $2 18
110 1 _aCASLE
245 0 0 _aAlleviation of poverty
_b The role of surveyors, land economists, and related professions
260 _aCASLE
_c2004
300 _a30cm
505 0 _aAffordable housing for urban poor in Nigeria: issues, constraints and challenges --Digital cadastral records. A New Zealand experience -- Review of the housing policy in the Republic of South Africa (since 1994) -- Alleviation of poverty: the role of surveyors, land economists, and related professions in the Pacific Islands -- Poverty alleviation by land reform -- women, home ownership and the issue of poverty alleviation (?) a paradigm shift in housing delivery policies -- Spatial data infrastructures - are they relevant to poverty alleviation? -- Sustainability of land registration programme - experience and reflections for the future of Zanzibar land management project -- Measuring economic impacts of sub-Saharan Africa - urban real estate policies: methodological discussions -- Urban slums and the Nigerian environment: which way forward -- Towards operational land information systems: lessons learnt from Canada and China -- Construction procurement, a momentous change -- Housing production as a panacea to poverty alleviation in Nigeria -- Environmental impact assessment (EIA) for sustainable development -- Claims under the new FIDIC conditions of contract -- Infrastructure development in Africa: innovation in project finance-challenges to surveyors and land economists -- Providing infrastructure for sustainable development (An integrated African initiative) -- Housing policy: a tool towards sustainable human settlement in Zanzibar -- The role of the cadastral system in poverty alleviation in Tanzania -- Financing long-term social projects, the data gap and life-cycle costing -- Intensified urban development: a shorthand to help foreign developers (Commercial and philanthropic) judge the accessibility of a market and its hurdles - a working paper -- The establishment of construction development bank in Nigeria -- Addressing change in geomatics education -- Session: war, civil war and civil confustion: the interaction and impacts upon the real estate market.
690 _aBUILT ENVIRONMENT-CONSTRUCTION MANAGEMENT-CONSTRUCTION PLANNING
942 _n0
999 _c105649
_d105649